000 00475nam a22001697a 4500
003 BD-ChCU
005 20260201092225.0
008 260201b bg ||||| |||| 00| 0 ben d
040 _cBD-ChCU
082 _a658.85 TAH
100 _aTack, Alfred and Tack, George.
_919935
245 _aHow to sell successfully overseas.//
_cAlfred Tack.
260 _aKings wood.
_bWorld's Work.
_c1963
300 _a283p
650 0 _aSales and salesmanship.
_919936
942 _2ddc
_cBK
_n0
999 _c111397
_d111397